[Event "Bethune"]
[Site "?"]
[Date "2004.12.28"]
[Round "5.16"]
[White "Pons Julien"]
[Black "D'Haussy Baptiste"]
[Result "1/2-1/2"]
[WhiteElo "1499"]
[BlackElo "1670"]
[PlyCount "33"]
[EventDate "2004.??.??"]
[Source "www.chesslib.no"]
[SourceDate "2004.05.04"]

1. d4 f5 2. c4 e6 3. Nf3 Bb4+ 4. Bd2 Bxd2+ 5. Nbxd2 Nf6 6. e3 O-O 7. Qc2 Qe8 8. Bd3 b6 9. O-O-O Bb7 10. Rde1 Na6 11. a3 d5 12. Rhg1 c5 13. Kb1 Ne4 14. Rgf1 Rc8 15. Qb3 Rf7 16. Bxe4 dxe4 17. Ne5 1/2-1/2

[Event "Corr"]
[Site "?"]
[Date "2002.10.01"]
[Round "?"]
[White "Montenegro Chamorro Jose Anto"]
[Black "Drewes Tom"]
[Result "0-1"]
[WhiteElo "1262"]
[BlackElo "1799"]
[PlyCount "74"]
[EventDate "2002.??.??"]
[Source "www.chesslib.no"]
[SourceDate "2004.05.04"]

1. d4 f5 2. c4 e6 3. g3 c5 4. e3 cxd4 5. exd4 Nf6 6. Nf3 Bb4+ 7. Bd2 Bxd2+ 8. Nbxd2 O-O 9. Bg2 Nc6 10. O-O Qb6 11. Nb3 d5 12. Ne5 Ne4 13. c5 Qb5 14. Nxc6 bxc6 15. Re1 Rb8 16. f3 Nf6 17. Qd2 Bd7 18. Bf1 Qb4 19. Qf4 a5 20. Re2 a4 21. Nc1 Nh5 22. Qe5 a3 23. Nb3 axb2 24. Rxb2 Ra8 25. Qe1 Qxe1 26. Rxe1 Rfb8 27. Reb1 Ra4 28. Kf2 Rba8 29. Ra1 Nf6 30. Ke3 Bc8 31. Nc1 Ra3+ 32. Rb3 e5 33. Rab1 exd4+ 34. Kxd4 Nd7 35. Rxa3 Rxa3 36. Rb3 Ra4+ 37. Ke3 Kf7 0-1

[Event "Fredrikstad"]
[Site "?"]
[Date "2003.04.23"]
[Round "10"]
[White "Mordt Camillo"]
[Black "Ludvigsen Jan"]
[Result "1/2-1/2"]
[WhiteElo "1478"]
[BlackElo "1579"]
[PlyCount "47"]
[EventDate "2003.??.??"]
[Source "www.chesslib.no"]
[SourceDate "2004.05.04"]

1. d4 f5 2. c4 e6 3. Nc3 Bb4 4. Nf3 b6 5. Bd2 Nf6 6. e3 Bb7 7. Be2 O-O 8. a3 Bxc3 9. Bxc3 Ne4 10. O-O Nxc3 11. bxc3 d6 12. Nd2 e5 13. Qc2 Qf6 14. d5 Nd7 15. e4 f4 16. a4 a5 17. Rab1 Nc5 18. Ra1 Qg6 19. Bf3 Bc8 20. Nb3 Nd7 21. Nd2 Nc5 22. Nb3 Nd7 23. Nd2 Nc5 24. Nb3 1/2-1/2

[Event "Corr"]
[Site "?"]
[Date "2003.05.09"]
[Round "?"]
[White "Jensen Jeff"]
[Black "Phillips Gordon"]
[Result "0-1"]
[WhiteElo "1425"]
[BlackElo "1628"]
[PlyCount "86"]
[EventDate "2003.??.??"]
[Source "www.chesslib.no"]
[SourceDate "2004.05.04"]

1. d4 f5 2. c4 e6 3. Nc3 Bb4 4. Bd2 Nf6 5. e3 O-O 6. Nf3 b6 7. Bd3 Bb7 8. O-O Qe7 9. a3 Bxc3 10. Bxc3 Ne4 11. Bxe4 fxe4 12. Nd2 Qg5 13. Qc2 Qg4 14. b4 d6 15. b5 Nd7 16. Qd1 Qg6 17. f3 exf3 18. Nxf3 Be4 19. Bb4 a5 20. bxa6 Rxa6 21. Rf2 Raa8 22. a4 Rf5 23. Qe2 Raf8 24. Kh1 Nf6 25. h3 Nh5 26. Qd1 Qg3 27. Be1 Rxf3 28. Rxf3 Bxf3 29. Bxg3 Nxg3+ 30. Kh2 Bxd1 31. Kxg3 Be2 32. Rc1 Ra8 33. Kf2 Bd3 34. Rc3 Be4 35. Ra3 Bc6 36. g3 Rxa4 37. Rxa4 Bxa4 38. Ke2 Kf7 39. Kd3 Kf6 40. e4 h5 41. Ke3 Kg5 42. Ke2 h4 43. Kf2 Bb3 0-1

[Event "Quebec"]
[Site "?"]
[Date "2003.03.06"]
[Round "3"]
[White "Bourassa Andre"]
[Black "Chevalier Philippe"]
[Result "1-0"]
[WhiteElo "1746"]
[BlackElo "1301"]
[PlyCount "53"]
[EventDate "2003.??.??"]
[Source "www.chesslib.no"]
[SourceDate "2004.05.04"]

1. d4 f5 2. c4 e6 3. Nc3 c6 4. e4 fxe4 5. Nxe4 Nf6 6. Bd3 Bb4+ 7. Bd2 Bxd2+ 8. Nxd2 O-O 9. Ngf3 d5 10. O-O b6 11. Re1 Na6 12. a3 c5 13. cxd5 exd5 14. dxc5 Nxc5 15. Bc2 Qd6 16. b4 Ne6 17. Ne4 Nxe4 18. Bxe4 Bb7 19. Ne5 Ng5 20. Bc2 d4 21. Bb3+ Ne6 22. Qg4 Rae8 23. Rad1 Rf4 24. Bxe6+ Rxe6 25. Qxf4 Qd5 26. Qf7+ Kh8 27. Qf8# 1-0

[Event "Plau am See (14.03.-20.03)"]
[Site "?"]
[Date "2005.03.15"]
[Round "2"]
[White "Krawelitzki Gerhard"]
[Black "Kohn Friedrich"]
[Result "1/2-1/2"]
[WhiteElo "1505"]
[BlackElo "1449"]
[PlyCount "85"]
[EventDate "2005.??.??"]
[Source "www.chesslib.no"]
[SourceDate "2004.05.04"]

1. d4 f5 2. c4 e6 3. Nf3 d6 4. Nc3 Nf6 5. Qc2 g6 6. Bg5 Bg7 7. O-O-O O-O 8. e4 Qe8 9. exf5 exf5 10. Bd3 Qf7 11. Rhe1 Bd7 12. Re2 Nc6 13. a3 Rae8 14. Rde1 Rxe2 15. Rxe2 Re8 16. d5 Rxe2 17. Qxe2 Nd8 18. h3 c6 19. Nd4 Qe8 20. f3 Qxe2 21. Ndxe2 Nf7 22. Bf4 Ne5 23. Kc2 Ne8 24. b3 c5 25. b4 Nxd3 26. Kxd3 b6 27. bxc5 bxc5 28. Nb5 Bxb5 29. cxb5 Bf6 30. Kc4 g5 31. Bd2 Kf7 32. a4 f4 33. a5 Bd8 34. g3 fxg3 35. Nxg3 Kg6 36. Ne4 h6 37. Nxc5 dxc5 38. Kxc5 Nc7 39. Kc6 Kf7 40. Bb4 Ke8 41. Bd2 Kf7 42. d6 Ne8 43. Bb4 1/2-1/2

[Event "Bayern-ch U14"]
[Site "?"]
[Date "2002.04.04"]
[Round "5"]
[White "Kaeck Ralf"]
[Black "Colloseus Christian"]
[Result "0-1"]
[WhiteElo "1515"]
[BlackElo "1404"]
[PlyCount "106"]
[EventDate "2002.??.??"]
[Source "www.chesslib.no"]
[SourceDate "2004.05.04"]

1. d4 f5 2. c4 e6 3. Nc3 b6 4. e4 fxe4 5. Nxe4 Nf6 6. Bd3 Bb7 7. Qf3 Bb4+ 8. Bd2 Bxd2+ 9. Kxd2 Nc6 10. Nxf6+ Qxf6 11. Qxf6 gxf6 12. Ne2 Nb4 13. Rhg1 Nxd3 14. Kxd3 Rg8 15. g3 f5 16. Nf4 Kf7 17. Rac1 Rge8 18. Ne2 Re7 19. f4 h5 20. Nc3 a6 21. d5 Rae8 22. Rge1 Kf6 23. Re5 exd5 24. Nxd5+ Bxd5 25. Rxd5 Re3+ 26. Kc2 d6 27. Rcd1 R8e4 28. R5d4 Re2+ 29. R1d2 Rxd2+ 30. Rxd2 Rxc4+ 31. Kd3 Re4 32. Rc2 c5 33. Rc3 d5 34. b3 Ke6 35. Kd2 d4 36. Rd3 Kd5 37. h3 b5 38. Rf3 c4 39. bxc4+ bxc4 40. g4 hxg4 41. hxg4 fxg4 42. Rf1 c3+ 43. Kd1 g3 44. f5 g2 45. Rg1 Rf4 46. Rxg2 Rxf5 47. Kc2 Kc4 48. Rg4 Rf2+ 49. Kc1 c2 50. Rg8 d3 51. Rc8+ Kb4 52. Rb8+ Ka4 53. Rc8 Rf1+ 0-1

[Event "Wattens op 15th"]
[Site "?"]
[Date "2000.09.01"]
[Round "7"]
[White "Gamper Manfred"]
[Black "Rabl Rudolf"]
[Result "0-1"]
[WhiteElo "1376"]
[BlackElo "1513"]
[PlyCount "76"]
[EventDate "2000.??.??"]
[Source "www.chesslib.no"]
[SourceDate "2004.05.04"]

1. d4 f5 2. c4 e6 3. Nf3 b6 4. g3 Bb7 5. Bg2 Nf6 6. O-O Be7 7. Nc3 Ne4 8. Qc2 Nxc3 9. bxc3 Be4 10. Qd2 O-O 11. d5 Na6 12. a3 Nc5 13. Qb2 Bf6 14. Bd2 e5 15. Rfd1 d6 16. a4 a5 17. Ra3 Qe7 18. Qc1 Qe8 19. Bg5 Nxa4 20. Bxf6 Rxf6 21. Ng5 Bxg2 22. Kxg2 Nc5 23. Qc2 h6 24. Nf3 Qg6 25. Nh4 Qh5 26. f3 f4 27. Rh1 Raf8 28. Raa1 g5 29. Nf5 g4 30. Ne7+ Kg7 31. h4 gxf3+ 32. exf3 fxg3 33. Rh3 Qxf3+ 34. Kg1 Qe3+ 35. Kg2 Rf2+ 36. Qxf2 Rxf2+ 37. Kh1 Qf3+ 38. Kg1 Qg2# 0-1

[Event "Flint, MI"]
[Site "?"]
[Date "1997.03.15"]
[Round "1.5"]
[White "Hill Brad"]
[Black "Raupp Sarah"]
[Result "1-0"]
[WhiteElo "1732"]
[BlackElo "1102"]
[PlyCount "83"]
[EventDate "1997.??.??"]
[Source "www.chesslib.no"]
[SourceDate "2004.05.04"]

1. d4 f5 2. c4 e6 3. Nf3 b6 4. Nc3 Bb4 5. Bg5 Nf6 6. e3 Bb7 7. Be2 d6 8. Qa4+ Nc6 9. d5 Bxc3+ 10. bxc3 exd5 11. cxd5 Qd7 12. Bxf6 gxf6 13. Bb5 O-O 14. dxc6 Qc8 15. cxb7 Qxb7 16. Bc6 Qb8 17. Qc4+ Kh8 18. Qh4 Qc8 19. Nd4 Rb8 20. e4 Qa6 21. Ne6 Qc4 22. Rc1 Qxe6 23. O-O Qc4 24. Bd5 Qc5 25. c4 c6 26. Be6 fxe4 27. Rc3 Qe5 28. Rh3 Rb7 29. Qh6 Re8 30. Bg4 f5 31. Rh5 Qg7 32. Bxf5 Qxh6 33. Rxh6 Rf8 34. Bxe4 Kg7 35. Rxh7+ Kg8 36. Rxb7 Rf4 37. Bh7+ Kh8 38. Re1 Rf8 39. Ree7 a6 40. Bf5 a5 41. Rh7+ Kg8 42. Rbg7# 1-0

[Event "Corr"]
[Site "?"]
[Date "2000.09.30"]
[Round "?"]
[White "Schmitz Norbert"]
[Black "Zdrazil Karel"]
[Result "0-1"]
[WhiteElo "1450"]
[BlackElo "1375"]
[PlyCount "42"]
[EventDate "2000.??.??"]
[Source "www.chesslib.no"]
[SourceDate "2004.05.04"]

1. d4 f5 2. c4 e6 3. e3 Nf6 4. Nc3 b6 5. Nf3 Bb7 6. Bd3 Bb4 7. O-O Bxc3 8. bxc3 O-O 9. Ba3 d6 10. c5 Ne4 11. cxd6 cxd6 12. Qb3 Rf6 13. Rad1 Rg6 14. Be2 Nd7 15. g3 Bd5 16. c4 Bc6 17. d5 Ndc5 18. Qc2 Ba4 19. Qb1 Nc3 20. Qa1 Nxe2+ 21. Kg2 Bxd1 0-1

[Event "GER North-ch U14"]
[Site "?"]
[Date "2001.10.02"]
[Round "5.6"]
[White "Mueller Philipp"]
[Black "Neldner Uta"]
[Result "1/2-1/2"]
[WhiteElo "1441"]
[BlackElo "1380"]
[PlyCount "61"]
[EventDate "2001.??.??"]
[Source "www.chesslib.no"]
[SourceDate "2004.05.04"]

1. d4 f5 2. c4 e6 3. Nc3 d5 4. cxd5 exd5 5. Bf4 c6 6. e3 Nf6 7. Nf3 Be7 8. Bd3 O-O 9. Qc2 Ne4 10. h4 Nd7 11. h5 Ndf6 12. Bxe4 Nxe4 13. Nxe4 fxe4 14. Ne5 Bg5 15. g3 Be7 16. O-O-O Qa5 17. a3 Be6 18. Qe2 Rac8 19. Ng6 Rfe8 20. Be5 Qd8 21. Nf4 Qd7 22. Qf1 c5 23. Kb1 c4 24. Rc1 Bf7 25. g4 Qb5 26. Ka1 Qb3 27. Rc3 Qa4 28. Kb1 b5 29. Qd1 Qxd1+ 30. Rxd1 a5 31. Rg1 1/2-1/2

[Event "Bad Zwesten GER"]
[Site "?"]
[Date "2003.??.??"]
[Round "9"]
[White "Jageniak Sebastian"]
[Black "Fritsche Rainer"]
[Result "0-1"]
[WhiteElo "1226"]
[BlackElo "1321"]
[PlyCount "80"]
[EventDate "2003.??.??"]
[Source "www.chesslib.no"]
[SourceDate "2004.05.04"]

1. d4 f5 2. c4 e6 3. Nf3 Nf6 4. Bf4 Be7 5. Nc3 a6 6. e3 Nc6 7. Bd3 O-O 8. O-O Nh5 9. Be5 Nf6 10. e4 d6 11. Bxf6 Bxf6 12. e5 Be7 13. Re1 Kh8 14. Bc2 Rb8 15. d5 Nxe5 16. Nxe5 dxe5 17. Rxe5 Bf6 18. Re3 Bxc3 19. bxc3 exd5 20. cxd5 Qf6 21. c4 Bd7 22. Rb1 g6 23. Qe1 b6 24. Re7 Rfe8 25. Rxe8+ Rxe8 26. Qd2 Qe5 27. h3 Kg7 28. Qb4 a5 29. Qb2 Qxb2 30. Rxb2 Re1+ 31. Kh2 Re2 32. Kg3 Ba4 33. Bxa4 Rxb2 34. a3 Ra2 35. Bb5 Rxa3+ 36. Kf4 Ra2 37. Kg3 a4 38. Kf3 a3 39. Ke3 Rb2 40. d6 cxd6 0-1

[Event "Steinfurt"]
[Site "?"]
[Date "2004.11.27"]
[Round "4.4"]
[White "Roos Bastian"]
[Black "Peters Tobias"]
[Result "1/2-1/2"]
[WhiteElo "1232"]
[BlackElo "1291"]
[PlyCount "43"]
[EventDate "2004.??.??"]
[Source "www.chesslib.no"]
[SourceDate "2004.05.04"]

1. d4 f5 2. c4 e6 3. Nf3 Nf6 4. g3 d5 5. cxd5 exd5 6. Nc3 Bd6 7. e3 O-O 8. Bg2 Qe8 9. O-O c6 10. Re1 Be6 11. Ne2 Qh5 12. Nf4 Bxf4 13. exf4 Ne4 14. Ng5 Qxd1 15. Rxd1 Re8 16. Re1 Nd7 17. f3 Nxg5 18. fxg5 Re7 19. Bd2 b6 20. Rac1 c5 21. f4 Rae8 22. Re2 1/2-1/2